| 000 | 00367nam a22001457a 4500 | ||
|---|---|---|---|
| 020 | _a978-1-292-40328-1 | ||
| 082 | _a658.4038 | ||
| 100 | _aLaudon, Kenneth C. | ||
| 245 |
_aManagement Information Systems: _bManaging Digital Firm |
||
| 250 | _a17th | ||
| 260 |
_aHarlow: _bPearson, _c2022 |
||
| 300 | _a648p.: ill.; 27cm | ||
| 700 | _aLaudon, Jane P. | ||
| 942 | _cBK | ||
| 999 |
_c22184 _d22184 |
||